| 000 | 00470cam a2200157 4500 | ||
|---|---|---|---|
| 001 | WS114137 | ||
| 008 | 010815n 000 0 eng u | ||
| 035 | _a(Sirsi) u114137 | ||
| 245 | _aInternational Herald Tribune | ||
| 520 | _aWeb site for this American newspaper giving daily news and analysis. | ||
| 650 | _aUSA | ||
| 650 | _aINTERNATIONAL | ||
| 650 | _aNEWSPAPER | ||
| 856 | 4 | 0 |
_uhttps://www.iht.com _zView the website free of charge at www.iht.com... |
| 942 | _n0 | ||
| 999 |
_c119838 _d119838 |
||